Central Library OPAC University of Rajshahi

Selected works of Mao Tse-Tung / (Record no. 26239)

MARC details
000 -LEADER
fixed length control field 00797nam a2200265 a 4500
001 - CONTROL NUMBER
control field 26239
003 - CONTROL NUMBER IDENTIFIER
rucl marc code BD-RjUL
005 - DATE AND TIME OF LATEST TRANSACTION
control field 20211209051004.0
008 - FIXED-LENGTH DATA ELEMENTS--GENERAL INFORMATION
fixed length control field 140320s1961 enk b 000 0 eng d
035 ## - SYSTEM CONTROL NUMBER
System control number (OCoLC)50399342
System control number (BD-RjUL)26309
040 ## - CATALOGING SOURCE
Original cataloging agency NUWS:W
Language of cataloging eng
Transcribing agency LC
Modifying agency ANL
-- BD-RjUL
041 1# - LANGUAGE CODE
Language code of text/sound track or separate title eng
-- chi
082 04 - DEWEY DECIMAL CLASSIFICATION NUMBER
Classification number 951.05
Edition number 21
Author mark and year MAS V-4 1961
100 1# - MAIN ENTRY--PERSONAL NAME
Personal name Mao, Zedong,
Dates associated with a name 1893-1976.
9 (RLIN) 23103
245 10 - TITLE STATEMENT
Title Selected works of Mao Tse-Tung /
Statement of responsibility, etc. Zedong Mao.
Number of part/section of a work Volume IV
250 ## - EDITION STATEMENT
Edition statement 1st ed.
260 ## - PUBLICATION, DISTRIBUTION, ETC. (IMPRINT)
Place of publication, distribution, etc. Peking :
Name of publisher, distributor, etc. Foreign Languages Press,
Date of publication, distribution, etc. 1961.
300 ## - PHYSICAL DESCRIPTION
Pagination 458 P. ;
Size 23 cm.
504 ## - BIBLIOGRAPHY, ETC. NOTE
Bibliography, etc Includes bibliographical references.
650 #0 - SUBJECT ADDED ENTRY--TOPICAL TERM
Topical term or geographic name as entry element Communism
Geographic subdivision China.
9 (RLIN) 80674
651 #0 - SUBJECT ADDED ENTRY--GEOGRAPHIC NAME
Geographic name China
General subdivision History
Chronological subdivision Period of Republic, 1912-1949.
9 (RLIN) 80675
942 ## - ADDED ENTRY ELEMENTS (KOHA)
Source of classification or shelving scheme Dewey Decimal Classification
Koha item type Books
Holdings
Lost status Source of classification or shelving scheme Damaged status Not for loan Collection code Permanent Location Current Location Shelving location Date acquired Source of acquisition Cost, normal purchase price Total Checkouts Full call number Date last seen Copy number Koha item type
  Dewey Decimal Classification     Non-fiction Central Library, University of Rajshahi Central Library, University of Rajshahi Reading Room 03/01/1969 Zeitlinger. 25.00   951.05 MAS V-4 1961 20/03/2014 C-3 Books
  Dewey Decimal Classification   Not For Loan Non-fiction Central Library, University of Rajshahi Central Library, University of Rajshahi Reading Room 03/01/1969 Zeitlinger. 25.00   951.05 MAS V-4 1961 14/01/2015 C-1 Books
  Dewey Decimal Classification     Non-fiction Central Library, University of Rajshahi Central Library, University of Rajshahi   03/09/1968 Warsi book Cor. 21.00   951.05 MAS V-4 1961 14/01/2015 C-2 Books